Loading...
| Current Events | 1 | 20.00 | 100% | 100% | 0% |
| Fine Arts - Auditory Fine Arts | 6 | 6.67 | 67% | 0% | 0% |
| Fine Arts - Other Fine Arts | 3 | 3.33 | 33% | 0% | 0% |
| Fine Arts - Visual Fine Arts | 1 | 0.00 | 0% | 0% | 0% |
| History - American History | 3 | 10.00 | 67% | 33% | 0% |
| History - European History | 2 | 25.00 | 100% | 100% | 50% |
| History - Other History | 2 | 10.00 | 100% | 0% | 0% |
| History - World History | 5 | 12.00 | 100% | 20% | 0% |
| Literature - American Literature | 4 | 5.00 | 50% | 0% | 0% |
| Literature - British Literature | 5 | 10.00 | 100% | 0% | 0% |
| Literature - European Literature | 2 | 5.00 | 50% | 0% | 0% |
| Literature - World Literature | 2 | 10.00 | 100% | 0% | 0% |
| Mythology | 4 | 10.00 | 100% | 0% | 0% |
| Philosophy | 3 | 6.67 | 67% | 0% | 0% |
| Pop Culture | 1 | 20.00 | 100% | 100% | 0% |
| Religion | 2 | 15.00 | 100% | 50% | 0% |
| Science - Biology | 2 | 10.00 | 100% | 0% | 0% |
| Science - Chemistry | 2 | 15.00 | 100% | 50% | 0% |
| Science - Other Science | 5 | 18.00 | 100% | 80% | 0% |
| Science - Physics | 4 | 10.00 | 100% | 0% | 0% |
| Social Science | 3 | 10.00 | 100% | 0% | 0% |